000 00787nam a2200229Ia 4500
003 GCL
008 140319s9999 xx 000 0 ara d
040 _aGCL /
_cGCL
082 0 4 _a822.008
_bش
100 1 _aمحمد عوض محمد (مراجع)
245 1 0 _aالليلة الثانية عشرة /
_cمحمد عوض محمد (مراجع)
700 1 _aمؤنس حسين
700 1 _aشكسبير، ويليام
260 _a[S.N] :
_bدار المعارف ،
_c1992
300 _a168 ص
490 _aمسرحيات شكسبير
_v0
650 0 4 _aالمسرح الانجليزى
650 0 4 _aالمسرحيات الانجليزية المترجمة
650 0 4 _aشكسبير، ويليام
650 0 4 _aالمسرح الانجليزى المترجم
942 _2ddc
_cBK
999 _c29882
_d29882